Cunningham's manual of practical anatomy vol. I : / (Record no. 5773)
[ view plain ]
| 000 -LEADER | |
|---|---|
| fixed length control field | 01193cam a2200337 i 4500 |
| 005 - DATE AND TIME OF LATEST TRANSACTION | |
| control field | 20250804171304.0 |
| 008 - FIXED-LENGTH DATA ELEMENTS--GENERAL INFORMATION | |
| fixed length control field | 161014m20179999enka 001 0 eng c |
| 020 ## - INTERNATIONAL STANDARD BOOK NUMBER | |
| International Standard Book Number | 0194423352 |
| 040 ## - CATALOGING SOURCE | |
| Original cataloging agency | KABLIB |
| Language of cataloging | eng |
| Transcribing agency | KABLIB |
| Description conventions | rda |
| 082 00 - DEWEY DECIMAL CLASSIFICATION NUMBER | |
| Classification number | 612 |
| Edition number | 23 |
| Item number | ROM |
| 100 1# - MAIN ENTRY--PERSONAL NAME | |
| Personal name | Romanes, G. J. |
| Relator term | author. |
| 9 (RLIN) | 14608 |
| 245 10 - TITLE STATEMENT | |
| Title | Cunningham's manual of practical anatomy vol. I : / |
| Remainder of title | upper and lower limbs |
| Statement of responsibility, etc. | G. J. Romanes |
| 246 1# - VARYING FORM OF TITLE | |
| Title proper/short title | Manual of practical anatomy |
| 250 ## - EDITION STATEMENT | |
| Edition statement | 14th ed. |
| 260 ## - PUBLICATION, DISTRIBUTION, ETC. | |
| Place of publication, distribution, etc. | Oxford, United Kingdom : |
| Name of publisher, distributor, etc. | Oxford University Press, |
| Date of publication, distribution, etc. | c1976. |
| 300 ## - PHYSICAL DESCRIPTION | |
| Extent | 218 p. : |
| Other physical details | ill. (some color) ; |
| Dimensions | 27 cm |
| 500 ## - GENERAL NOTE | |
| General note | Includes index. |
| 650 #0 - SUBJECT ADDED ENTRY--TOPICAL TERM | |
| Topical term or geographic name entry element | Human anatomy. |
| 650 #0 - SUBJECT ADDED ENTRY--TOPICAL TERM | |
| Topical term or geographic name entry element | Extremities (Anatomy) |
| 650 #0 - SUBJECT ADDED ENTRY--TOPICAL TERM | |
| Topical term or geographic name entry element | Abdomen |
| General subdivision | Anatomy. |
| 9 (RLIN) | 14609 |
| 650 #0 - SUBJECT ADDED ENTRY--TOPICAL TERM | |
| Topical term or geographic name entry element | Chest |
| General subdivision | Anatomy. |
| 9 (RLIN) | 14610 |
| 650 #0 - SUBJECT ADDED ENTRY--TOPICAL TERM | |
| Topical term or geographic name entry element | Dissection. |
| 650 12 - SUBJECT ADDED ENTRY--TOPICAL TERM | |
| Topical term or geographic name entry element | Anatomy. |
| 650 12 - SUBJECT ADDED ENTRY--TOPICAL TERM | |
| Topical term or geographic name entry element | Dissection |
| General subdivision | methods. |
| 9 (RLIN) | 14611 |
| 650 #7 - SUBJECT ADDED ENTRY--TOPICAL TERM | |
| Topical term or geographic name entry element | Abdomen |
| General subdivision | Anatomy. |
| Source of heading or term | fast |
| Authority record control number or standard number | (OCoLC)fst00794281 |
| 9 (RLIN) | 14609 |
| 650 #7 - SUBJECT ADDED ENTRY--TOPICAL TERM | |
| Topical term or geographic name entry element | Chest |
| General subdivision | Anatomy. |
| Source of heading or term | fast |
| Authority record control number or standard number | (OCoLC)fst00853829 |
| 9 (RLIN) | 14610 |
| 650 #7 - SUBJECT ADDED ENTRY--TOPICAL TERM | |
| Topical term or geographic name entry element | Dissection. |
| Source of heading or term | fast |
| Authority record control number or standard number | (OCoLC)fst00895395 |
| 650 #7 - SUBJECT ADDED ENTRY--TOPICAL TERM | |
| Topical term or geographic name entry element | Extremities (Anatomy) |
| Source of heading or term | fast |
| Authority record control number or standard number | (OCoLC)fst00919071 |
| 650 #7 - SUBJECT ADDED ENTRY--TOPICAL TERM | |
| Topical term or geographic name entry element | Human anatomy. |
| Source of heading or term | fast |
| Authority record control number or standard number | (OCoLC)fst00962785 |
| 942 ## - ADDED ENTRY ELEMENTS (KOHA) | |
| Source of classification or shelving scheme | Dewey Decimal Classification |
| Koha item type | Book |
| Withdrawn status | Lost status | Source of classification or shelving scheme | Damaged status | Not for loan | Home library | Current library | Shelving location | Date acquired | Total Checkouts | Full call number | Barcode | Date last seen | Price effective from | Koha item type |
|---|---|---|---|---|---|---|---|---|---|---|---|---|---|---|
| Dewey Decimal Classification | Education Library | Education Library | Open Access Section | 04.08.2025 | 612 ROM | 13950 | 04.08.2025 | 04.08.2025 | Book |